000 00531nam a22001697a 4500
005 20251108173707.0
008 250721s2002 xx 000 0 ara d
082 1 4 _a415.1/سلط
100 1 _aسلطاني, محمد علي
245 1 0 _aتيسير و تكميل شرح ابن عقيل على ألفية ابن مالك : قسم الصرف /
264 1 _aدمشق :
_bدار العصماء،
_c2002.
300 _aج.5
650 1 7 _aاللغه العربيه
650 1 7 _aالصرف
942 _2ddc
_cBK
999 _c110129
_d110129